000 00651nam a2200181Ia 4500
005 20251020182613.0
008 200515s9999 xx 000 0 und d
082 _aSC/69.21:693/P45
110 _aIninvi
245 0 _aUso del Sillar en la construcción
260 _aLima
260 _c1990
300 _a33
520 _aEl sillar, material de construcción tradicional en la ciudad de Arequipa, continúa utilizándose en forma masiva en las áreas marginales de la ciudad, constituyendo en la práctica un material alternativo para la construcción de viviendas de los pobladores
650 _aPUB ININVI
650 _aSILLAR
942 _cLIB
999 _c3422
_d3422